000 00446nam a2200181Ia 4500
001 20289
005 20260306172755.0
008 260306t1997||||xx |||||||||||||| ||spa||
041 _aESP
082 _a343.1
_bO27
100 _aOcampo Delahaza, Antonieta
_eAUT
245 0 _aTeoría de los derechos políticos texto impreso
260 _c1997
300 _a347 páginas :
_c
650 _aGEN
654 _aCDE
942 _cLIB
_dJUS
_fJUS
_2ddc
_n
999 _c20289
_d20289